APEC Schools

Hystopia / (Record no. 9064)

000 -LEADER
fixed length control field nam a22 7a 4500
005 - DATE AND TIME OF LATEST TRANSACTION
control field 20220110041251.0
008 - FIXED-LENGTH DATA ELEMENTS--GENERAL INFORMATION
fixed length control field 220110b xxu||||| |||| 00| 0 eng d
020 ## - IDENTIFIER FOR THE MANIFESTATION
Identifier for the Manifestation 9780571330126
Binding paperback
040 ## - CATALOGING SOURCE
Language of Cataloging eng
Transcribing Agency APEC Schools Library
Description Conventions rda
082 ## - DEWEY DECIMAL CLASSIFICATION NUMBER
Classification number FIC
Author's Number M4833h 2016
100 ## - CREATOR
Preferred Name of the Person Means, David
245 ## - TITLE AND STATEMENT OF RESPONSIBILITY
Preferred Title Proper Hystopia /
Statement of Responsibility/Parallel Statement of Responsibility David Means
264 ## - PUBLICATION STATEMENT
Place of publication, distribution, etc London ;
Publisher's Name/Parallel Publisher's Name Faber & Faber
Copyright ©2016.
300 ## - PHYSICAL DESCRIPTION
Extent 336 pages.
336 ## - RDA CONTENT
Source rdacontent
Content Type text
337 ## - RDA MEDIA
Source rdamedia
Media Type unmediated
338 ## - RDA CARRIER
Source rdacarrier
Carrier Type volume
942 ## - ADDED ENTRY ELEMENTS (KOHA)
Source of Classification
Koha Item Type Fiction
Holdings
Library Site Location Shelving Location Source of Acquisition Full Classification Number Accession Number Koha Item Type
APEC Bacoor Library APEC Bacoor Library Fiction Institutional Fund FIC M4833h 2016 B04-0000573 Fiction
APEC C. Raymundo Library APEC C. Raymundo Library Fiction Institutional Fund FIC M4833h 2016 A07-0000492 Fiction
APEC Calumpang Library APEC Calumpang Library Fiction Institutional Fund FIC M4833h 2016 B10-0000509 Fiction
APEC Dasmarinas Library APEC Dasmarinas Library Fiction Institutional Fund FIC M4833h 2016 B03-0000532 Fiction
APEC Marikina Heights Library APEC Marikina Heights Library Fiction Institutional Fund FIC M4833h 2016 A08-0000404 Fiction
APEC Concepcion Dos Library APEC Marikina Heights Library Fiction Institutional Fund FIC M4833h 2016 C02-0000369 Fiction
APEC New Manila Library APEC New Manila Library Fiction Institutional Fund FIC M4833h 2016 C03-0000389 Fiction
APEC North Fairview Library APEC North Fairview Library Fiction Institutional Fund FIC M4833h 2016 A04-0000370 Fiction
APEC Ortigas Extension, Cainta Library APEC Ortigas Extension, Cainta Library Fiction Institutional Fund FIC M4833h 2016 B09-0000401 Fiction
APEC Roxas Boulevard Library APEC Roxas Boulevard Library Fiction Institutional Fund FIC M4833h 2016 B06-0000365 Fiction
APEC San Pablo, Laguna Library APEC San Pablo, Laguna Library Fiction Institutional Fund FIC M4833h 2016 D01-0000243 Fiction
APEC Silangan, Pateros Library APEC Silangan, Pateros Library Fiction Institutional Fund FIC M4833h 2016 B07-0000460 Fiction
APEC Taytay Library APEC Taytay Library Fiction Institutional Fund FIC M4833h 2016 B08-0000387 Fiction
APEC V. Luna Library APEC V. Luna Library Fiction Institutional Fund FIC M4833h 2016 A01-0000418 Fiction

Powered by Koha